000 00636nam a2200253Ia 4500
005 20260121160242.0
008 008 260114s9999 xx 000 0 eng d
020 _a9781315161938
037 _aEBOOK
040 _aCRL
040 _beng
040 _cCRL
041 _2eng
041 _aeng
084 _qCRL
100 _a Srinjoy Bose; Nishank Motwani; William Maley
_91029605
245 0 _aAfghanistan ? Challenges and Prospects
260 _bTaylor and Francis
260 _c2018
856 _uhttp://www.taylorfrancis.com/books/9781315161938
942 _cEBOOK
999 _c1596421
_d1596421